Học và làm theo phong cách lãnh đạo gần dân, vì dân của chủ tịch Hồ Chí Minh
Nội Dung Cuốn Sách Bao Gồm Những Nội Dung Chính Sau: Một số ảnh tư liệu về Chủ tịch Hồ Chí Minh; chủ tịch Hồ Chí Minh - Lãnh tụ vĩ đại trọn đời cống hiến cho sự nghiệp cách mạng; chủ tịch Hồ Chí Minh - Anh hùng giải phóng dân tộc, Nhà văn...
Đã lưu trong:
| 其他作者: | |
|---|---|
| 格式: | 圖書 |
| 語言: | Vietnamese |
| 出版: |
H.
Hồng Đức
2019
|
| 主題: | |
| 標簽: |
添加標簽
沒有標簽, 成為第一個標記此記錄!
|
| Thư viện lưu trữ: | Thư viện Trường Đại học Nam Cần Thơ |
|---|
| LEADER | 01533nam a22001937a 4500 | ||
|---|---|---|---|
| 001 | NCT_78074 | ||
| 008 | 200417b xxu||||| |||| 00| 0 vie d | ||
| 999 | |c 3806 |d 3806 | ||
| 020 | |a 9786048988920 |c 395000 | ||
| 082 | 0 | 4 | |2 23rd ed. |a 959.704092 |b H401V |
| 245 | 0 | 0 | |a Học và làm theo phong cách lãnh đạo gần dân, vì dân của chủ tịch Hồ Chí Minh |c Quí Lâm (tuyển chọn và hệ thống) |
| 260 | |a H. |b Hồng Đức |c 2019 | ||
| 300 | |a 400 tr. |b Minh họa |c 27cm | ||
| 520 | 3 | |a Nội Dung Cuốn Sách Bao Gồm Những Nội Dung Chính Sau: Một số ảnh tư liệu về Chủ tịch Hồ Chí Minh; chủ tịch Hồ Chí Minh - Lãnh tụ vĩ đại trọn đời cống hiến cho sự nghiệp cách mạng; chủ tịch Hồ Chí Minh - Anh hùng giải phóng dân tộc, Nhà văn hóa kiệt xuất, trọn đời hy sinh cho đất nước và hạnh phúc của nhân dân; tư tưởng, đạo đức, phong cách Hồ Chí Minh - Tài sản tinh thần vô giá, mãi mãi là ngọn đuốc soi đường cho cách mạng Việt Nam... | |
| 653 | |a Kinh tế chính trị | ||
| 700 | 0 | |a Quí Lâm |e Tuyển chọn và hệ thống | |
| 942 | |2 ddc |c BK | ||
| 952 | |0 0 |1 0 |2 ddc |4 0 |6 959_704092000000000_H401V |7 0 |9 19355 |a 000001 |b 000001 |d 2020-04-17 |o 959.704092 H401V |p MD.16896 |r 2020-04-17 |v 395000.00 |w 2020-04-17 |y BK | ||
| 980 | |a Thư viện Trường Đại học Nam Cần Thơ | ||


